LIBRARY & INFORMATION CENTRE, KCAET, TAVANUR

ONLINE PUBLIC ACCESS CATALOGUE (OPAC)

Mathematics for technical students:Junior course / (Record no. 9445)

MARC details
000 -LEADER
fixed length control field 00463cam a2200181ua 4500
041 ## - LANGUAGE CODE
Language code of text/sound track or separate title eng
082 ## - DEWEY DECIMAL CLASSIFICATION NUMBER
Classification number 510
Item number FOR/MA
100 ## - MAIN ENTRY--AUTHOR NAME
Personal name Forrest, S N .
245 ## - TITLE STATEMENT
Title Mathematics for technical students:Junior course /
250 ## - EDITION STATEMENT
Edition statement 3 /
260 ## - PUBLICATION, DISTRIBUTION, ETC. (IMPRINT)
Place of publication London :
Name of publisher Edward Arnold Publications Ltd ,
Year of publication 1920.
300 ## - PHYSICAL DESCRIPTION
Number of Pages 304 ; .
942 ## - ADDED ENTRY ELEMENTS (KOHA)
Koha item type Books
Holdings
Withdrawn status Lost status Damaged status Home library Current library Date acquired Full call number Accession Number Koha item type
      KAUAET KAUAET 07/04/2012 510 3956 Books
free website counter